| 000 | 02929cas a2200649 4500 | ||
|---|---|---|---|
| 001 | data | ||
| 005 | 20260322212104.0 | ||
| 008 | data | ||
| 010 | _a 56045949 | ||
| 016 | 7 |
_aI42720000 _2DNLM |
|
| 019 | _a7371728 | ||
| 022 | 0 |
_a0068-3817 _2z |
|
| 023 | 0 |
_a0068-3817 _2z |
|
| 029 | 1 |
_aAU@ _b000020389315 |
|
| 035 | _a(OCoLC)1537680 | ||
| 040 |
_aMUL _beng _cMUL _dOCLCQ _dNSD _dOCL _dRCS _dDLC _dOCL _dOCLCQ _dCLU _dOCLCQ _dOCLCF _dOCLCO _dOCLCQ _dOCLCL _dOCLCQ |
||
| 041 | 0 |
_aeng _afre _aeng _brus _brus |
|
| 042 | _ansdp | ||
| 050 | 0 | 0 |
_aQH351 _b.B832 |
| 060 | 0 | _aW1 IZ676G | |
| 110 | 2 |
_aInstitut po morfologii͡a (Bŭlgarska akademii͡a na naukite) _1https://id.oclc.org/worldcat/entity/E39QQPVp7TtT4TFT9WdydhQbM6 |
|
| 210 | 0 | _aIzv. Inst. morfol. | |
| 222 | 0 | _aIzvestiya na Instituta po morfologiya | |
| 245 | 1 | 0 |
_aIzvestii͡a. _bBulletin de l'Institut de Morphologie. |
| 246 | 1 | 1 | _aBulletin de l'Institut de Morphologie |
| 260 |
_aSofia, _bBŭlgarska akademii͡a na naukite. |
||
| 300 |
_billustrations _c26 cm |
||
| 310 | _aIrregular | ||
| 336 |
_atext _btxt _2rdacontent |
||
| 337 |
_aunmediated _bn _2rdamedia |
||
| 362 | 0 | _akn. 1-15; 1953-74. | |
| 546 | _aArticles in Bulgarian or French; summaries in Russian and English, French, or German. | ||
| 650 | 0 | _aAnatomy. | |
| 650 | 7 |
_aAnatomy. _2fast _0(OCoLC)fst00808440 |
|
| 776 | 0 | 8 |
_iOnline version: _aInstitut po morfologii͡a (Bŭlgarska akademii͡a na naukite) _tIzvestii͡a _w(OCoLC)1029840540 |
| 785 | 0 | 0 |
_tActa morphologica _x0204-9139 _w(OCoLC)4023587 _w(OCoLC)4023587 _g1977 |
| 906 |
_a7 _bcbc _cserials _d3 _encip _f19 _gn-oclcserc |
||
| 590 | _aSERBIB/SERLOC merged record | ||
| 890 |
_aBŭlgarska akademiia na naukite, Sofia. Institut po morfologii͡a. Izvestii͡a. Bulletin. 1953- . _isv87-31306 |
||
| 920 | _aKeep 1 | ||
| 991 |
_bc-GenColl _hQH351 _i.B832 _wSERIALS |
||
| 991 |
_bc-GenColl _hQH351 _i.B832 _p00053120684 _tCopy 1 _v11 * 1965 _wCCF |
||
| 991 |
_bc-GenColl _hQH351 _i.B832 _p00053120647 _tCopy 1 _v12 * 1966 _wCCF |
||
| 991 |
_bc-GenColl _hQH351 _i.B832 _p0005312060A _tCopy 1 _v13 * 1968 _wCCF |
||
| 991 |
_bc-GenColl _hQH351 _i.B832 _p00053120957 _tCopy 1 _v14 * 1970 _wCCF |
||
| 991 |
_bc-GenColl _hQH351 _i.B832 _p0005312091A _tCopy 1 _v15 * 1974 _wCCF |
||
| 991 |
_bc-GenColl _hQH351 _i.B832 _p00053120751 _tCopy 1 _v2 * 1957 _wCCF |
||
| 991 |
_bc-GenColl _hQH351 _i.B832 _p00053120799 _tCopy 1 _v3 * 1959 _wCCF |
||
| 991 |
_bc-GenColl _hQH351 _i.B832 _p00053120593 _tCopy 1 _v4 * 1961 _wCCF |
||
| 991 |
_bc-GenColl _hQH351 _i.B832 _p00053120489 _tCopy 1 _v5 * 1962 _wCCF |
||
| 991 |
_bc-GenColl _hQH351 _i.B832 _p00053120441 _tCopy 1 _v6 * 1962 _wCCF |
||
| 991 |
_bc-GenColl _hQH351 _i.B832 _p00053120404 _tCopy 1 _v7 * 1963 _wCCF |
||
| 991 |
_bc-GenColl _hQH351 _i.B832 _p00053120568 _tCopy 1 _v8 * 1963 _wCCF |
||
| 991 |
_bc-GenColl _hQH351 _i.B832 _p00053120520 _tCopy 1 _v9/10 * 1964 _wCCF |
||
| 991 |
_bc-GenColl _hQH351 _i.B832 _p00053120714 _tCopy 1 _v1 _wCCF |
||
| 992 |
_bB/L _wSERLOC |
||
| 999 |
_c1519 _d1519 |
||